Comparison of celery cabbage varieties ( Brassica chinensis L) at kbal koh vegetable research station; ការប្រៀបធៀបពូជដំណាំស្ពៃចង្កឹះនៅស្ថានីយ៍ពិសោធន៍ពូជបន្លៃក្បាលកោះ (Record no. 10404)
[ view plain ]
| 000 -LEADER | |
|---|---|
| fixed length control field | 00675nam a22001577a 4500 |
| 003 - CONTROL NUMBER IDENTIFIER | |
| control field | OSt |
| 005 - DATE AND TIME OF LATEST TRANSACTION | |
| control field | 20161021134352.0 |
| 008 - FIXED-LENGTH DATA ELEMENTS--GENERAL INFORMATION | |
| fixed length control field | 161021b xxu||||| |||| 00| 0 eng d |
| 040 ## - CATALOGING SOURCE | |
| Transcribing agency | RUA |
| 082 ## - DEWEY DECIMAL CLASSIFICATION NUMBER | |
| Classification number | AGR HOE 2015 B475 Or.1 |
| 100 ## - MAIN ENTRY--PERSONAL NAME | |
| 9 (RLIN) | 10811 |
| Personal name | HOEUY TOENG; ហឿយ ទឹង |
| 245 ## - TITLE STATEMENT | |
| Title | Comparison of celery cabbage varieties ( Brassica chinensis L) at kbal koh vegetable research station; ការប្រៀបធៀបពូជដំណាំស្ពៃចង្កឹះនៅស្ថានីយ៍ពិសោធន៍ពូជបន្លៃក្បាលកោះ |
| 260 ## - PUBLICATION, DISTRIBUTION, ETC. (IMPRINT) | |
| Place of publication, distribution, etc. | Phnom Penh |
| Name of publisher, distributor, etc. | RUA |
| Date of publication, distribution, etc. | 2015 |
| 300 ## - PHYSICAL DESCRIPTION | |
| Extent | xi; 45p; |
| Other physical details | ill; |
| Dimensions | 29cm; |
| 942 ## - ADDED ENTRY ELEMENTS (KOHA) | |
| Source of classification or shelving scheme | |
| Koha item type | AGR |
| Price effective from | Date last seen | Permanent Location | Not for loan | Date acquired | Source of classification or shelving scheme | Koha item type | Lost status | Withdrawn status | Total Renewals | Date last checked out | Total Checkouts | Shelving location | Damaged status | Barcode | Current Location | Full call number |
|---|---|---|---|---|---|---|---|---|---|---|---|---|---|---|---|---|
| 2016-10-21 | 2017-09-25 | Library Block B | 2016-10-21 | AGR | 2017-08-03 | 3 | B475 | A02177 | Library Block B | AGR HOE 2015 B475 Or.1 | ||||||
| 2016-10-21 | 2019-11-27 | Library Block B | 2016-10-21 | AGR | 2019-11-18 | 1 | B475 | A02742 | Library Block B | AGR HOE 2015 B475 Or.2 | ||||||
| 2016-10-21 | 2020-06-29 | Library Block B | 2016-10-21 | AGR | 2020-06-26 | 2 | B475 | A02190 | Library Block B | AGR HOE 2015 B475 Or.3 | ||||||
| 2016-10-21 | 2016-10-21 | Library Block B | 2016-10-21 | AGR | B475 | A02092 | Library Block B | AGR HOE 2015 B475 Or.4 | ||||||||
| 2016-10-21 | 2019-03-04 | Library Block B | 2016-10-21 | AGR | 1 | 2019-01-22 | 2 | B475 | A02242 | Library Block B | AGR HOE 2015 B475 Or.5 | |||||
| 2016-10-21 | 2019-08-06 | Library Block B | 2016-10-21 | AGR | 2019-08-02 | 6 | B475 | A01747 | Library Block B | AGR HOE 2015 B475 Or.6 | ||||||
| 2016-10-21 | 2020-03-09 | Library Block B | 2016-10-21 | AGR | 2020-02-24 | 1 | B475 | A02707 | Library Block B | AGR HOE 2015 B475 Or.7 | ||||||
| 2016-10-21 | 2018-12-04 | Library Block B | 2016-10-21 | AGR | 2018-11-20 | 2 | B475 | A01662 | Library Block B | AGR HOE 2015 B475 Or.8 | ||||||
| 2021-09-28 | 2021-09-28 | Library Block B | 2021-09-28 | AGR | B691 | A065924 | Library Block B | AGR HOE 2015 B691 Or.1 | ||||||||
| 2021-12-17 | 2021-12-17 | Library Block B | 2021-12-17 | AGR | B043 | a066278 | Library Block B | AGR HOE 2015 B043 Or.1 |